| 000 | 00496nam a2200181 4500 | ||
|---|---|---|---|
| 999 |
_c12782 _d12782 |
||
| 008 | 210604b ||||| |||| 00| 0 hin d | ||
| 020 | _cRs.90.00 | ||
| 041 | 0 | _ahin | |
| 082 | 0 | 0 |
_a891.43 _bM6843 |
| 100 |
_93451 _aMitra, Bimal |
||
| 245 | 1 | 0 |
_aChalte chalte / _cby Bimal Mitra |
| 245 | 1 | 0 |
_aचलते चलते / _cबिमल मित्रा |
| 260 |
_aDelhi: _bSanmarg prakashan, _c1994. |
||
| 300 | _a199 p. | ||
| 365 | _bINR 90.00 | ||
| 650 | 0 | _aHindi fiction | |
| 942 |
_2ddc _cBK |
||